Konsep asas pengurusan sumber manusia : penggunaan istilah

Bibliographic Details
Main Author: Muhammad Ali Embi (Author)
Format: Book
Language:Malay
Published: Kuala Lumpur : Utusan Publication 2003
Series:Siri Pengurusan dan Pentadbiran Utusan
Subjects:

MARC

LEADER 00000cam a2200000 7i4500
001 0000016416
005 20241028.0
008 030328 my may
020 |a 9676113824 
040 |a INS   |b eng   |e rda 
090 0 0 |a HF5549.M35   |b M34 2003 
100 0 |a Muhammad Ali Embi ,   |e author 
245 1 0 |a Konsep asas pengurusan sumber manusia :   |b penggunaan istilah   |c Muhammad Ali Embi 
264 1 |a Kuala Lumpur :   |b Utusan Publication   |c 2003 
300 |a ix,102 pages ;   |c 22 cm. 
336 |a text  |2 rdacontent 
337 |a unmediated  |2 rdamedia 
338 |a volume  |2 rdacarrier 
490 0 |a Siri Pengurusan dan Pentadbiran Utusan 
504 |a Includes bibliographical references 
650 0 |a Management   |x Terminology 
650 0 |a Personel management   |x Terminology 
999 |a 0000016325   |b BOOK   |c Open Shelf   |e Default branch 
999 |a 0000016326   |b BOOK   |c Open Shelf   |e Default branch